Simulador de circuitos basado en Web

Guardat en:
Dades bibliogràfiques
Autor principal: Herrera Moreno, Ricardo
Format: Llibre
Idioma:Undetermined
Publicat: [San José, Costa Rica] 2010
Matèries:
Etiquetes: Afegir etiqueta
Sense etiquetes, Sigues el primer a etiquetar aquest registre!

MARC

LEADER 00000nam a2200000Ia 4500
003 010048
005 20221231144034.0
008 140114s9999 xx 000 0 und d
040 |c cru CEDI  
090 |a TFG 6218 
100 |a Herrera Moreno, Ricardo   |9 919 
245 |a Simulador de circuitos basado en Web  
260 |c 2010  |b [San José, Costa Rica] 
500 |a Proyecto de graduación (bachillerato en ingeniería)--Facultad de Ingeniería. Escuela de Ingeniería Eléctrica, 2010 "IE - 0502 Proyecto Eléctrico" 
650 |x CIRCUITOS INTEGRADOS   |x SIMULACION POR COMPUTADORA  |9 2894 
942 |c TFG 
999 |c 15985  |d 15985